Πλήρης οδηγός του Harvard graphics για windows
Saved in:
| Main Author: | |
|---|---|
| Other Authors: | |
| Format: | Book |
| Language: | Greek English |
| Published: |
Αθήνα :
Γκιούρδας,
1993.
|
| Subjects: | |
| Tags: |
Add Tag
No Tags, Be the first to tag this record!
|
MARC
| LEADER | 00000cam a2200000 i 4500 | ||
|---|---|---|---|
| 001 | 1/37713 | ||
| 008 | 941202s1993 gr | ||| |||| ||gre|| | ||
| 035 | |a 1994 |c ΠΑΝΑΓΙΩΤΟΠΟΥΛΟΣ |l 10040581 | ||
| 040 | |a GR-MyUA |b gre |e AACR2 | ||
| 041 | 1 | |a gre |h eng | |
| 082 | 0 | |a 005.3 | |
| 100 | 1 | |a Benedict, Robert C. | |
| 245 | 1 | 0 | |a Πλήρης οδηγός του Harvard graphics για windows / |c Robert C. Benedict ; απόδοση Ε. Καλογήρου. |
| 260 | |a Αθήνα : |b Γκιούρδας, |c 1993. | ||
| 300 | |a 503 σ. ; |c 24 εκ. | ||
| 500 | |a Τίτλος πρωτοτύπου: Using Harvard Graphics for Windows. | ||
| 504 | |a Περιλαμβάνει ευρετήριο. | ||
| 650 | 0 | 0 | |a Computer programs. |
| 650 | 0 | 0 | |a Computer graphics. |
| 700 | 1 | |a Καλογήρου, Ελένη Γ. |e trlf | |
| 852 | |a INST |b SAMOS |e 19941202 |h 005.3 BEN |p 005300002375 |q 005300002375 |t BK |y 0 | ||
| 909 | |a Σ |b 029793 | ||